• 首页
  • 本馆介绍
  • 公告通知
  • 最新文献
  • 馆藏检索
  • 电子资源
  • 读者导购
  • 参考咨询
  • 我的图书馆
  • 登录
  • 详细信息显示
  • 放入我的书架
  • 预约/预借图书
  • 作者相关作品
  • 分类相关作品
  • 丛书相关作品
  • 出版社相关作品

书目信息

  • 表格格式
  • 工作单格式
  • 卡片格式
题名:
中学生英语练习常见错误例析
    
 
作者: 古绪满 , 艾崴 编
分册:  
出版信息: 郑州   河南人民出版社  1982
页数: 333页
开本: 19cm
丛书名:
单 册:
中图分类: G634.41 , G633.41
科图分类:
主题词: 英语--中学--课外读物 , 教育--各级
电子资源:
ISBN:
000 00768nam0 2200277 45
001 0182001980
005 20040510081910.8
010    @dCNY0.79
091    @a7105.279
100    @a19950615d1982 em y0chiy0121 ea
101 0  @achi
102    @aCN@b410000
105    @ay z 000yy
106    @ar
200 10 @a中学生英语练习常见错误例析@Azhong xue sheng ying yu lian xi chang jian cuo wu li xi@f古绪满,艾崴编
210    @a郑州@c河南人民出版社@d1982
215    @a333页@d19cm
606    @a英语@x中学@x课外读物
606 0  @a教育@x各级
690    @aG634.41@v3
690    @aG633.41
701  0 @a古绪满@Agu xu man@4编
701  0 @a艾崴@Aai qu wai@4编
801  0 @aCN@b上海图书馆@c20040510
801  2 @aCN@bNLC@c20040510
905    @f1@b94083@dG633.41@e12
    
    中学生英语练习常见错误例析/古绪满,艾崴编.-郑州:河南人民出版社,1982
    333页;19cm
    
    
    ISBN :CNY0.79
    
●
相关链接 在E读中查询图书 在五车中查询图书 在当当中查询图书 在豆瓣中查询图书


正题名:中学生英语练习常见错误例析     索取号:G633.41/12         预约/预借

序号 登录号 条形码 馆藏地/架位号 状态 备注
1 0094083   000292392   密集书库/ [索取号:G633.41/12] 在馆    
2 0094084   000292409   第一样本阅览室/ [索取号:G633.41/12] 在馆    
唐山师范学院图书馆 欢迎您!
大连网信软件有限公司© 版权所有